ՀՀ Գիտությունների ազգային ակադեմիայի հիմնարար գիտական գրադարան  =   Fundamental Scientific Library of NAS RA

Հառաչանքի կամուրջը : (Record no. 534483)

MARC details
000 -LEADER
fixed length control field 00907nam a2200217 a 4500
001 - CONTROL NUMBER
control field 2016394
003 - CONTROL NUMBER IDENTIFIER
control field AM-YeHGA
005 - DATE AND TIME OF LATEST TRANSACTION
control field 20250911122956.0
008 - FIXED-LENGTH DATA ELEMENTS--GENERAL INFORMATION
fixed length control field 250425n ua ||||r|||||00||1|arm|d
040 ## - CATALOGING SOURCE
Original cataloging agency AM-YeHGA
041 1# - LANGUAGE CODE
Language code of text/sound track or separate title arm
100 1# - MAIN ENTRY--PERSONAL NAME
Personal name Զեվագօ, Միշէլ
245 10 - TITLE STATEMENT
Title Հառաչանքի կամուրջը :
Remainder of title Մեծ վէպ ընկերային ընտանեկան կեանքէ : Պատկերազարդ /
Statement of responsibility, etc. Միշէլ Զէվագօ ; Թարգմ.՝ Տ'Արգոս; Հայ հրատարակչական Արգոս ընկերութիւն․
250 ## - EDITION STATEMENT
Edition statement 29-րդ հրատարակչութիւն
260 ## - PUBLICATION, DISTRIBUTION, ETC.
Place of publication, distribution, etc. Գահիրէ :
Name of publisher, distributor, etc. տպ. Արգոս,
Date of publication, distribution, etc. Ա. թ.
300 ## - PHYSICAL DESCRIPTION
Extent 1178 էջ
650 14 - SUBJECT ADDED ENTRY--TOPICAL TERM
Topical term or geographic name entry element Ֆրանսիական գրականություն
9 (RLIN) 4810
700 0# - ADDED ENTRY--PERSONAL NAME
Personal name Տ՝Արգոս
Relator term թարգմ.
Relationship trl
710 2# - ADDED ENTRY--CORPORATE NAME
Corporate name or jurisdiction name as entry element Հայ հրատարակչական Արգոս ընկերութիւն
942 ## - ADDED ENTRY ELEMENTS (KOHA)
Source of classification or shelving scheme Universal Decimal Classification
Koha item type Գրքեր / Books
Holdings
Withdrawn status Lost status Source of classification or shelving scheme Damaged status Not for loan Collection Home library Current library Date acquired Total checkouts Full call number Barcode Date last seen Price effective from Koha item type Public note
    Universal Decimal Classification     Zhamkochyan Individual collection Fundamental Scientific Library Fundamental Scientific Library 25/04/2025   Ժամ/255 FL0691452 25/04/2025 25/04/2025 Գրքեր / Books ILL Non-Circ.


ՀՀ ԳԱԱ հիմնարար գիտական գրադարան
ՀՀ,Երևան 0019
Մարշալ Բաղրամյան 24/6
հեռախոս:(374-10) 52-47-50
Հետադարձ կապ

All site content, except where otherwise noted, is licensed under a
Creative Commons License